MARC details
| 000 -LEADER |
| campo de control de longitud fija |
01438nam a2200325 i 4500 |
| 001 - NÚMERO DE CONTROL |
| campo de control |
186192 |
| 003 - IDENTIFICADOR DE NÚMERO DE CONTROL |
| campo de control |
SpMaBN |
| 005 - FECHA Y HORA DE LA ÚLTIMA TRANSACCIÓN |
| campo de control |
20250903014141.0 |
| 008 - DATOS DE LONGITUD FIJA--INFORMACIÓN GENERAL |
| campo de control de longitud fija |
160916s2012 sp ad |||| | spa d |
| 020 ## - NÚMERO INTERNACIONAL ESTÁNDAR DEL LIBRO |
| Número Internacional Estándar del Libro |
978-84-9940-466-0 |
| 080 ## - NÚMERO DE LA CLASIFICACIÓN DECIMAL UNIVERSAL |
| Número de la Clasificación Decimal Universal |
124.1 |
| 080 ## - NÚMERO DE LA CLASIFICACIÓN DECIMAL UNIVERSAL |
| Número de la Clasificación Decimal Universal |
53:1 |
| 080 ## - NÚMERO DE LA CLASIFICACIÓN DECIMAL UNIVERSAL |
| Número de la Clasificación Decimal Universal |
510.21 |
| 245 00 - MENCIÓN DEL TÍTULO |
| Título |
Viaje a la complejidad / |
| Mención de responsabilidad, etc. |
Nicolás Caparrós y Rafael Cruz Roche (dirs.). |
| 260 ## - PUBLICACIÓN, DISTRIBUCIÓN, ETC. |
| Lugar de publicación, distribución, etc. |
Madrid : |
| Nombre del editor, distribuidor, etc. |
Biblioteca Nueva, |
| Fecha de publicación, distribución, etc. |
[2012] |
| 300 ## - DESCRIPCIÓN FÍSICA |
| Extensión |
2 v. (419 p., 452 p.) : |
| Otras características físicas |
il., gráf. ; |
| Dimensiones |
24 cm. |
| 504 ## - NOTA DE BIBLIOGRAFÍA, ETC. |
| Nota de bibliografía, etc. |
Bibliografía: p. [403]-419, p. [429]-452. |
| 505 8# - NOTA DE CONTENIDO CON FORMATO |
| Nota de contenido con formato |
Contiene:1 ; |
| Título |
Del Big Bang al origen de la vida : nivel de integración físico / |
| Mención de responsabilidad |
Carmen Acedo y Antonio López (coords.) - 2. -- |
| Título |
Del origen de la vida a la emergencia del psiquismo : nivel de integración biológico / |
| Mención de responsabilidad |
Isabel Sanfeliu y Marta Sainz de la Maza (coords.) |
| 650 07 - PUNTO DE ACCESO ADICIONAL DE MATERIA--TÉRMINO DE MATERIA |
| Término de materia o nombre geográfico como elemento de entrada |
Complejidad (Filosofía) |
| 9 (RLIN) |
11179 |
| 650 07 - PUNTO DE ACCESO ADICIONAL DE MATERIA--TÉRMINO DE MATERIA |
| Término de materia o nombre geográfico como elemento de entrada |
Física- |
| Subdivisión general |
Filosofía. |
| 9 (RLIN) |
12881 |
| 650 04 - PUNTO DE ACCESO ADICIONAL DE MATERIA--TÉRMINO DE MATERIA |
| Término de materia o nombre geográfico como elemento de entrada |
Matemáticas- |
| Subdivisión general |
Filosofía |
| 9 (RLIN) |
14825 |
| 700 1# - ENTRADA AGREGADA--NOMBRE PERSONAL |
| Nombre de persona |
Caparrós Sánchez, Nicolás. |
| 9 (RLIN) |
160880 |
| 700 1# - ENTRADA AGREGADA--NOMBRE PERSONAL |
| Nombre de persona |
Cruz Roche, Rafael. |
| 9 (RLIN) |
41844 |
| 700 1# - ENTRADA AGREGADA--NOMBRE PERSONAL |
| Nombre de persona |
Sanfeliu, Isabel. |
| 9 (RLIN) |
160846 |
| 852 ## - LOCALIZACIÓN |
| Ubicación |
ES-MaACL |
| Número de control de estantería |
A-13935 |
| itemnumber |
193246 |
| Sublocalización o colección |
R.151198 |
| Ubicación en estantería |
Depósito 1 |
| Signatura antigua |
Olim: N-6935 |
| Donativo/Legado |
Donación: Isabel Sanfeliu |
| Designación de la unidad física |
v.1 |
| 852 ## - LOCALIZACIÓN |
| Ubicación |
ES-MaACL |
| Número de control de estantería |
A-13936 |
| itemnumber |
200905 |
| Sublocalización o colección |
R.151198 |
| Ubicación en estantería |
Depósito 1 |
| Signatura antigua |
Olim: N-6936 |
| Donativo/Legado |
Donación: Isabel Sanfeliu |
| Designación de la unidad física |
v.2 |
| 903 ## - NOMBRE PERSONAL DE DONANTE |
| 9 |
160846 |
| a |
Sanfeliu, Isabel |
| e |
Donante |
| 942 ## - ELEMENTOS DE ENTRADA SECUNDARIOS (KOHA) |
| Fuente del sistema de clasificación o colocación |
Clasificación decimal universal |
| Tipo de ítem Koha |
Libro impreso |